000 00707nam a2200217 a 4500
001 21722
003 CO-ViMGA
008 141112s2004 ck r 000 u spa d
020 _a8426128432
040 _aCO-ViMGA
_bspa
_cCO-ViMGA
082 0 4 _aSALm
100 1 _aSales Amill, Gemma
_931003
245 1 0 _aMe gustan los monstruos
260 _aBarcelona :
_bJuventud,
_c1994
300 _a25
490 _aCuadrada
590 _aForma de adquisición : Donación fact. 8857 - - Precio : 40900 - - Proveedor : Fundación exito - - Fecha de adquisición : Julio 2007
650 1 4 _aALBUMES INFANTILES
_92002
650 1 4 _aLIBROS ILUSTRADOS PARA NIÑOSCUENTOS INFANTILES ESPAÑOLES
_931004
942 _2ddc
_cBK
999 _c30281
_d30281